| 000 | 00510 a2200181 4500 | ||
|---|---|---|---|
| 003 | Nust | ||
| 005 | 20170207153242.0 | ||
| 040 | _cNust | ||
| 082 | _a005.1 | ||
| 100 | _aIrum, Amna BESE-08 | ||
| 245 |
_aReal time gun profiler for high speed objects (Hard / Soft-copy) _cAmna Irum, Wajeeha Kanwal, Hafiz Asif Raza and Capt Faisal Javed BESE-08 |
||
| 260 |
_bMCS _c2006 |
||
| 300 | _a72 p. | ||
| 505 | _rKanwal, Wajeeha | ||
| 538 | _aAlmirah No 71 Shelf No 5 | ||
| 650 | _aUG Projects | ||
| 651 | _aUG CS Projects | ||
| 942 | _cTHS | ||
| 999 |
_c182454 _d182454 |
||